000 00377nam a2200145Ia 4500
008 230917s9999||||xx |||||||||||||| ||und||
020 _cRS135
040 _e25670
_aMAIN
041 _aEnglish
082 _a338.544 D137F
100 _aDahiya, L N
245 0 _aForecasting techniques in business and economics
260 _aFaridabad
_bLakeside publishers
_c1988
942 _cBK
999 _c61156
_d61156